00315nam a2200121Ia 4500008004100000020002200041041000800063082002600071100001800097245004200115260002800157300000800185230519s9999 xx 000 0 und d a978-93-86006-77-6 aeng aF/610.7302/CLE/DB0855 aClement Nisha aPrinciples and Practice of Nursing-II bEMMESSaBangalorec2018 a546